Top 10 Città più popolose Provincia del Verbano-Cusio-Ossola - Statistics

Statistiche generali
  • Questo quiz è stato fatto 22 volte
  • Il punteggio medio è 6 su 10
Statistiche sulle risposte
Popolazione (ab.) Città % Corretto
18 175 Domodossola
100%
30 332 Verbania
100%
6 777 Villadossola
82%
7 751 Gravellona Toce
65%
4 816 Stresa
59%
4 992 Cannobio
53%
15 744 Omegna
53%
4 726 Crevoladossola
35%
4 917 Baveno
29%
3 476 Casale Corte Cerro
12%
Nessun quiz corrispondente trovato
Distribuzione punteggi
Percentuale di utenti per punteggio
Percentile per numero di risposta
I tuoi punteggi nel tempo
Non hai fatto questo quiz